| 000 | 00340nam a2200145Ia 4500 | ||
|---|---|---|---|
| 005 | 20251222141952.0 | ||
| 008 | 251222s9999||||xx |||||||||||||| ||spa|| | ||
| 020 | _a84-329-9433-2 | ||
| 082 | _a370.152.3/M43/T.1 | ||
| 100 | _aMercer, Cecil D. | ||
| 245 | 0 | _aDificultades de Aprendizaje | |
| 250 | _a3a.ed. | ||
| 264 | _bCeac | ||
| 942 | _cLIB | ||
| 999 |
_c9727 _d9727 |
||